Resistance (Odpor) - formace v grafu

Resistance level je vyhľadávaným a často využívaným technickým nástrojom forexových obchodníkov. Ide o úroveň, kde cena po predchádzajúcom raste môže naraziť na silnú bariéru, cenový strop. Po prerazení silných technických hraníc, akým resistance je, zvykne cena rýchlo rásť.

Enregistré dans:
Détails bibliographiques
Auteur principal: Badura, Peter, 1978-
Format: Chapitre de livre
Langue:tchèque
Sujets:
Tags: Ajouter un tag
Pas de tags, Soyez le premier à ajouter un tag!

MARC

LEADER 00000nla a2200000 4500
001 0199785
005 20240717103322.3
041 0 |a cze 
044 |a CZ 
245 1 0 |a Resistance (Odpor) - formace v grafu  |c Peter Badura 
520 |a Resistance level je vyhľadávaným a často využívaným technickým nástrojom forexových obchodníkov. Ide o úroveň, kde cena po predchádzajúcom raste môže naraziť na silnú bariéru, cenový strop. Po prerazení silných technických hraníc, akým resistance je, zvykne cena rýchlo rásť. 
610 2 0 |a trh devízový 
610 2 0 |a obchod 
610 2 0 |a obchodníci 
610 2 0 |a ceny 
610 2 0 |a mena 
100 1 |a Badura, Peter, 1978-